header

Normativity and naturalism (Record no. 37374)

MARC details
000 -LEADER
fixed length control field 01158nam a2200313 a 4500
245 00 - TITLE STATEMENT
Title Normativity and naturalism
260 ## - PUBLICATION, DISTRIBUTION, ETC. (IMPRINT)
Place of publication Heusenstamm [Germany] :
Name of publisher ontos,
Year of publication 2004.
300 ## - PHYSICAL DESCRIPTION
Number of Pages 179 p.
650 #0 - SUBJECT ADDED ENTRY--TOPICAL TERM
Topical Term Normativity (Ethics)
Topical Term Naturalism.
700 1# - ADDED ENTRY--PERSONAL NAME
Personal name Schaber, Peter.
856 40 - ELECTRONIC LOCATION AND ACCESS
Uniform Resource Identifier http://site.ebrary.com/lib/rucke/Doc?id=10728823

No items available.

© 2026 Rongo University
Contact us: librarian | system librarian | Rongo university